000 00216nam a2200097Ia 4500
008 170619s9999 xx 000 0 und d
100 _aHughes- Bob
245 0 _aSoftware Project Management
260 _bTMH
260 _c2011
546 _aENGLISH
999 _c22566
_d22566